[Event "SVK-chT2B 2223"]
[Site "Slovakia"]
[Date "2022.11.27"]
[Round "6.4"]
[White "Sarok, Peter"]
[Black "Laho, Maros"]
[Result "1/2-1/2"]
[WhiteElo "2122"]
[BlackElo "2049"]
[PlyCount "99"]
[EventDate "2022.10.08"]
[EventType "team-tourn"]
[EventRounds "11"]
[EventCountry "SVK"]
[SourceTitle "EXT 2024"]
[Source "ChessBase"]
[SourceDate "2023.10.10"]
[SourceVersion "1"]
[SourceVersionDate "2023.10.10"]
[SourceQuality "1"]
[WhiteTeam "Batorove Kosihy"]
[BlackTeam "Surany"]
[WhiteTeamCountry "SVK"]
[BlackTeamCountry "SVK"]

1. Nf3 Nf6 2. c4 e6 3. g3 d5 4. Bg2 Be7 5. 0-0 0-0 6. d4 dxc4 7. Ne5 Nc6 8. Nxc6 bxc6 9. Bxc6 Rb8 10. e3 Rb6 11. Bf3 c5 12. dxc5 Bxc5 13. Nc3 Be7 14. Qc2 Bb7 15. e4 Qd3 16. Qxd3 cxd3 17. Rb1 a5 18. Rd1 Rd8 19. Bf4 Rd7 20. Kg2 Rb4 21. a3 Rc4 22. Rbc1 a4 23. e5 Bxf3+ 24. Kxf3 Nh5 25. Be3 g5 26. h3 Kg7 27. Ne4 Rxc1 28. Bxc1 Kg6 29. Bd2 h6 30. Bc3 f5 31. exf6 Nxf6 32. Nxf6 Bxf6 33. Bxf6 Kxf6 34. Ke3 Rb7 35. Rd2 Rb3 36. f4 gxf4+ 37. Kxf4 h5 38. g4 hxg4 39. hxg4 Kg6 40. Ke5 Kg5 41. Kxe6 Kxg4 42. Ke5 Kf3 43. Kd4 Kf4 44. Rxd3 Rxb2 45. Kc4 Ke5 46. Rd5+ Ke6 47. Ra5 Kd6 48. Rxa4 Kc6 49. Rb4 Rxb4+ 50. axb4 1/2-1/2

[Event "SVK-chT2B 2122"]
[Site "Slovakia"]
[Date "2022.03.06"]
[Round "6.3"]
[White "Voros, Gellert"]
[Black "Laho, Maros"]
[Result "1/2-1/2"]
[WhiteElo "2158"]
[BlackElo "2038"]
[PlyCount "61"]
[EventDate "2021.10.16"]
[EventType "team-tourn"]
[EventRounds "11"]
[EventCountry "SVK"]
[SourceTitle "EXT 2023"]
[Source "ChessBase"]
[SourceDate "2022.10.05"]
[SourceVersion "1"]
[SourceVersionDate "2022.10.05"]
[SourceQuality "1"]
[WhiteTeam "Komarno II"]
[BlackTeam "Surany"]
[WhiteTeamCountry "SVK"]
[BlackTeamCountry "SVK"]

1. d4 Nf6 2. c4 e6 3. g3 Bb4+ 4. Nd2 c5 5. a3 Bxd2+ 6. Qxd2 cxd4 7. Nf3 d5 8. Nxd4 b6 9. Bg2 Bb7 10. 0-0 0-0 11. b4 Qe7 12. cxd5 Bxd5 13. Bxd5 Nxd5 14. e4 Nf6 15. Qe2 Rd8 16. Bb2 e5 17. Nf5 Qe6 18. Rfc1 g6 19. Ne3 Nc6 20. Qc4 Nd4 21. Qxe6 fxe6 22. Rc7 Rac8 23. Rxa7 Nxe4 24. Ng4 Rc2 25. Bxd4 exd4 26. Re1 Ng5 27. Nf6+ Kf8 28. Rxe6 Nxe6 29. Nxh7+ Kg8 30. Nf6+ Kf8 31. Nh7+ 1/2-1/2

[Event "SVK-chT2B 2122"]
[Site "Slovakia"]
[Date "2021.11.13"]
[Round "3.3"]
[White "Vadila, Ondrej"]
[Black "Laho, Maros"]
[Result "1-0"]
[WhiteElo "2100"]
[BlackElo "2038"]
[PlyCount "99"]
[EventDate "2021.10.16"]
[EventType "team-tourn"]
[EventRounds "11"]
[EventCountry "SVK"]
[SourceTitle "EXT 2023"]
[Source "ChessBase"]
[SourceDate "2022.10.05"]
[SourceVersion "1"]
[SourceVersionDate "2022.10.05"]
[SourceQuality "1"]
[WhiteTeam "Levice II"]
[BlackTeam "Surany"]
[WhiteTeamCountry "SVK"]
[BlackTeamCountry "SVK"]

1. d4 d5 2. Bf4 c5 3. e3 Nc6 4. Nc3 Bf5 5. Nf3 e6 6. a3 Nf6 7. Be2 h6 8. 0-0 Be7 9. dxc5 Bxc5 10. Nd4 Bh7 11. Bb5 Qd7 12. Be5 a6 13. Na4 Ba7 14. Bxc6 bxc6 15. b4 0-0 16. Bxf6 gxf6 17. Qg4+ Bg6 18. Nb3 Kh7 19. Nac5 Qc8 20. Qf4 Kg7 21. c4 Bb8 22. Qh4 Be5 23. Nd4 a5 24. Rac1 axb4 25. axb4 Ra2 26. b5 Bxd4 27. Qxd4 e5 28. Qc3 cxb5 29. cxb5 Qg4 30. b6 Rc8 31. h3 Qg5 32. Ne6+ fxe6 33. Qxc8 Bd3 34. Rc7+ Kg6 35. Qg8+ Kh5 36. Qxg5+ hxg5 37. Rd1 e4 38. b7 Rb2 39. Ra1 d4 40. Ra8 dxe3 41. fxe3 Kh4 42. b8Q Rxb8 43. Rxb8 Kg3 44. Re8 f5 45. Rg7 g4 46. hxg4 f4 47. exf4 Bc4 48. Rge7 e3 49. Rxe6 Bxe6 50. Rxe6 1-0

[Event "SVK-chT2B 1920"]
[Site "Slovakia"]
[Date "2020.02.16"]
[Round "9.4"]
[White "Laho, Maros"]
[Black "Bielik, Jakub"]
[Result "1/2-1/2"]
[WhiteElo "2054"]
[BlackElo "1953"]
[PlyCount "115"]
[EventDate "2019.10.26"]
[EventType "team-tourn"]
[EventRounds "11"]
[EventCountry "SVK"]
[SourceTitle "CBM 195 Extra"]
[Source "ChessBase"]
[SourceDate "2020.05.31"]
[SourceVersion "1"]
[SourceVersionDate "2020.05.31"]
[SourceQuality "1"]
[WhiteTeam "Surany"]
[BlackTeam "Povazske Podhradie"]
[WhiteTeamCountry "SVK"]
[BlackTeamCountry "SVK"]

1. d4 d5 2. Bf4 e6 3. e3 Bd6 4. c3 Bxf4 5. exf4 Nf6 6. Nd2 0-0 7. Bd3 b6 8. Qe2 a5 9. Ngf3 Ba6 10. 0-0 Bxd3 11. Qxd3 Nc6 12. a4 Ne7 13. Ne5 Nf5 14. b4 axb4 15. cxb4 Qd6 16. b5 Ne7 17. Rfc1 Rfc8 18. g3 c5 19. bxc6 Nxc6 20. Ndf3 Na5 21. Ng5 Rf8 22. Ng4 Ne4 23. Nxe4 dxe4 24. Qxe4 f5 25. Qe5 Qxe5 26. Nxe5 Nb3 27. Nd7 Rfd8 28. Nxb6 Rab8 29. a5 Nxc1 30. Rxc1 Rxd4 31. a6 Rxb6 32. Rc8+ Kf7 33. a7 Ra4 34. a8Q Rxa8 35. Rxa8 Kf6 36. Rf8+ Ke7 37. Rg8 Kf7 38. Ra8 h6 39. Rh8 Kg6 40. Kg2 Rb1 41. h4 Rb2 42. Kf3 Kf7 43. Ra8 Rc2 44. Ra6 Rb2 45. Ra5 Kf6 46. Ra6 Rc2 47. Ra5 Rb2 48. h5 Rb1 49. Kg2 Rb2 50. Re5 Ra2 51. Kf3 Ra1 52. Kg2 Ra2 53. Re1 Rb2 54. Kf3 Rb3+ 55. Re3 Rb1 56. Kg2 Rb2 57. Kf1 Rb1+ 58. Kg2 1/2-1/2

[Event "SVK-chT2B 1920"]
[Site "Slovakia"]
[Date "2020.02.15"]
[Round "8.4"]
[White "Urbanic, Martin"]
[Black "Laho, Maros"]
[Result "1/2-1/2"]
[WhiteElo "2031"]
[BlackElo "2054"]
[PlyCount "101"]
[EventDate "2019.10.26"]
[EventType "team-tourn"]
[EventRounds "11"]
[EventCountry "SVK"]
[SourceTitle "CBM 195 Extra"]
[Source "ChessBase"]
[SourceDate "2020.05.31"]
[SourceVersion "1"]
[SourceVersionDate "2020.05.31"]
[SourceQuality "1"]
[WhiteTeam "Povazska Bystrica II"]
[BlackTeam "Surany"]
[WhiteTeamCountry "SVK"]
[BlackTeamCountry "SVK"]

1. e4 e6 2. d3 d5 3. Nc3 dxe4 4. Nxe4 Nf6 5. Nxf6+ Qxf6 6. Nf3 h6 7. g3 b6 8. Bg2 Bb7 9. 0-0 Bd6 10. Rb1 a5 11. Bd2 0-0 12. Bc3 Qe7 13. Re1 Nd7 14. Qd2 Bb4 15. a4 Rfd8 16. b3 Bxc3 17. Qxc3 Qc5 18. Qb2 Rab8 19. d4 Qh5 20. Re3 Nf6 21. h3 Be4 22. Ne5 Bxg2 23. Kxg2 Rd6 24. g4 Qg5 25. Rh1 Qf4 26. c3 Nd5 27. Rf3 Qe4 28. Qd2 f6 29. Re1 Qh7 30. Nd3 Rbd8 31. Qe2 Nxc3 32. Qc2 Nd5 33. Qc4 Kh8 34. Nf4 Nxf4+ 35. Rxf4 Qg6 36. Qxc7 Qg5 37. Kg3 Rxd4 38. Rxe6 Qxf4+ 39. Qxf4 Rxf4 40. Kxf4 Rb8 41. Kf5 Kh7 42. f4 b5 43. Ra6 bxa4 44. bxa4 Rb3 45. Rxa5 Rxh3 46. Rb5 Ra3 47. Rb4 Re3 48. Rc4 Re1 49. Rc7 Rb1 50. Rc4 Re1 51. Rc7 1/2-1/2

[Event "SVK-chT2B 1819"]
[Site "Slovakia"]
[Date "2018.12.16"]
[Round "6.3"]
[White "Laho, Maros"]
[Black "Bona, Juraj"]
[Result "1-0"]
[WhiteElo "2017"]
[BlackElo "1947"]
[PlyCount "81"]
[EventDate "2018.10.13"]
[EventType "team-tourn"]
[EventRounds "11"]
[EventCountry "SVK"]
[SourceTitle "CBM 189 Extra"]
[Source "ChessBase"]
[SourceDate "2019.06.03"]
[SourceVersion "1"]
[SourceVersionDate "2019.06.03"]
[SourceQuality "1"]
[WhiteTeam "Surany"]
[BlackTeam "Batorove Kosihy II"]
[WhiteTeamCountry "SVK"]
[BlackTeamCountry "SVK"]

1. d4 b5 2. Bf4 Bb7 3. e3 a6 4. Nf3 e6 5. Nbd2 c5 6. c3 h6 7. Bd3 Nf6 8. h3 Nc6 9. a4 c4 10. Bc2 Nd5 11. Bg3 b4 12. Nxc4 bxc3 13. 0-0 cxb2 14. Nxb2 Nc3 15. Qd2 Bb4 16. Nc4 Ne4 17. Bxe4 Bxd2 18. Nd6+ Kf8 19. Nxb7 Qf6 20. Bd6+ Kg8 21. Nxd2 h5 22. Nf3 h4 23. Nc5 Qd8 24. Rfb1 f5 25. Bd3 g5 26. Rb7 Rh7 27. Rab1 Rc8 28. Ne5 Nxe5 29. dxe5 Rg7 30. Rb8 Kh7 31. Bxa6 Rxb8 32. Rxb8 Qa5 33. Bf1 g4 34. hxg4 Rxg4 35. Nxd7 Rxa4 36. Nf8+ Kh6 37. Rb7 f4 38. Rh7+ Kg5 39. Be7+ Kf5 40. Bd3+ Re4 41. Rh5+ 1-0

[Event "Pardubice Czech op-C 29th"]
[Site "Pardubice"]
[Date "2018.07.28"]
[Round "9"]
[White "Laho, Maros"]
[Black "Jares, Michal"]
[Result "1-0"]
[WhiteElo "1993"]
[BlackElo "1869"]
[PlyCount "147"]
[EventDate "2018.07.21"]
[EventType "swiss"]
[EventRounds "9"]
[EventCountry "CZE"]
[SourceTitle "CBM 186 Extra"]
[Source "ChessBase"]
[SourceDate "2018.08.24"]
[SourceVersion "1"]
[SourceVersionDate "2018.08.24"]
[SourceQuality "1"]

1. d4 Nf6 2. c4 d6 3. Nc3 g6 4. Nf3 Bg7 5. Bg5 0-0 6. e3 c6 7. Be2 Nbd7 8. Qc2 Qc7 9. 0-0 e5 10. Rfd1 Re8 11. Rac1 h6 12. Bh4 Nf8 13. b4 Bf5 14. Qb3 e4 15. Nd2 g5 16. Bg3 Qd7 17. d5 h5 18. c5 Bg4 19. dxc6 bxc6 20. Bxd6 Bxe2 21. Nxe2 Nd5 22. b5 Qg4 23. bxc6 Ne7 24. Ng3 Nxc6 25. h3 Qc8 26. Nxh5 g4 27. Qd5 Re6 28. hxg4 Nb4 29. Qf5 Nd3 30. Nxe4 Nxc1 31. Rxc1 Nh7 32. Rb1 Qc6 33. Ng5 Nxg5 34. Qxg5 Rg6 35. Qf5 Re8 36. Nf4 Rf6 37. Qd5 Qa4 38. g5 Qc2 39. Qb3 Qxb3 40. Rxb3 Rf5 41. g6 fxg6 42. Nxg6 Kh7 43. Ne7 Rf7 44. Nd5 Be5 45. f4 Bxd6 46. cxd6 Rd8 47. Kf2 Rxd6 48. e4 Rc6 49. Kf3 Rc2 50. a3 Rc1 51. e5 Rd1 52. Ke4 Re1+ 53. Ne3 Rg7 54. Kf3 Re7 55. g4 Kg6 56. Ke4 Re2 57. Kf3 Rh2 58. Rc3 Rd7 59. Ke4 Rhd2 60. Rc6+ Kh7 61. Kf5 Rf2 62. Rc4 Rf7+ 63. Kg5 Rg7+ 64. Kf6 Rf3 65. Re4 Rg6+ 66. Kf5 Kg7 67. e6 Rf6+ 68. Ke5 Rf8 69. Nf5+ Kg8 70. e7 Re8 71. Ke6 Rd3 72. Rd4 Rxd4 73. Nxd4 a5 74. Nf5 1-0

[Event "Pardubice Czech op-C 29th"]
[Site "Pardubice"]
[Date "2018.07.25"]
[Round "6"]
[White "Zeleny, Tomas1111"]
[Black "Laho, Maros"]
[Result "1/2-1/2"]
[WhiteElo "1809"]
[BlackElo "1993"]
[PlyCount "48"]
[EventDate "2018.07.21"]
[EventType "swiss"]
[EventRounds "9"]
[EventCountry "CZE"]
[SourceTitle "CBM 186 Extra"]
[Source "ChessBase"]
[SourceDate "2018.08.24"]
[SourceVersion "1"]
[SourceVersionDate "2018.08.24"]
[SourceQuality "1"]

1. e4 c6 2. Nc3 d5 3. Nf3 dxe4 4. Nxe4 Bf5 5. Ng3 Bg6 6. h4 h6 7. Ne5 Qd6 8. d4 Nd7 9. Nxg6 Qxg6 10. Bd3 Qd6 11. Nf5 Qe6+ 12. Be3 g6 13. Ng3 Ngf6 14. Qe2 Qg4 15. Qd2 e5 16. Be2 Qe6 17. dxe5 Nxe5 18. 0-0 Nfd7 19. Rfe1 Bg7 20. Qb4 a5 21. Qxb7 0-0 22. Qb3 Qe7 23. c3 Qxh4 24. Rad1 Nf6 1/2-1/2

[Event "Pardubice Czech op-C 29th"]
[Site "Pardubice"]
[Date "2018.07.22"]
[Round "2"]
[White "Druchenko, Mikhail"]
[Black "Laho, Maros"]
[Result "1-0"]
[WhiteElo "1727"]
[BlackElo "1993"]
[PlyCount "121"]
[EventDate "2018.07.21"]
[EventType "swiss"]
[EventRounds "9"]
[EventCountry "CZE"]
[SourceTitle "CBM 186 Extra"]
[Source "ChessBase"]
[SourceDate "2018.08.24"]
[SourceVersion "1"]
[SourceVersionDate "2018.08.24"]
[SourceQuality "1"]

1. e4 e6 2. d4 d5 3. e5 c5 4. c3 Qb6 5. Nf3 Bd7 6. a3 Bb5 7. Bd3 Nc6 8. b4 cxd4 9. cxd4 a5 10. bxa5 Nxa5 11. 0-0 Rc8 12. Bxb5+ Qxb5 13. Bd2 Nc4 14. Nc3 Qa6 15. Qb3 Ne7 16. Rfb1 Nc6 17. Na4 Be7 18. Bb4 Nxb4 19. axb4 Qb5 20. Nc3 Qb6 21. Qa4+ Qc6 22. Qxc6+ bxc6 23. Ra7 Bd8 24. Na4 0-0 25. Nc5 h6 26. b5 Bb6 27. Ra6 cxb5 28. Nd7 Ra8 29. Rba1 Rxa6 30. Rxa6 Ba5 31. Nxf8 Kxf8 32. Kf1 b4 33. Ra8+ Ke7 34. Rb8 Kd7 35. Ne1 Kc7 36. Rf8 b3 37. Nd3 b2 38. Rxf7+ Kc8 39. Nxb2 Nxb2 40. Rxg7 Kd8 41. Rg6 Ke7 42. Rxh6 Bc3 43. Rh7+ Kf8 44. Rh4 Nc4 45. Ke2 Bd2 46. Rh8+ Kf7 47. Rc8 Bb4 48. f4 Be7 49. Rc7 Kf8 50. g4 Na3 51. Kd3 Bh4 52. f5 exf5 53. gxf5 Bf2 54. Rc5 Nc4 55. Rc8+ Ke7 56. Rc7+ Kf8 57. f6 Bg1 58. e6 Nd6 59. Rd7 Ne8 60. Rd8 Bxh2 61. f7 1-0

[Event "SVK-chT2B 1617"]
[Site "Slovakia"]
[Date "2017.03.11"]
[Round "10.3"]
[White "Marko, Anton"]
[Black "Laho, Maros"]
[Result "1/2-1/2"]
[WhiteElo "2086"]
[BlackElo "2001"]
[PlyCount "146"]
[EventDate "2016.10.08"]
[EventType "team-tourn"]
[EventRounds "11"]
[EventCountry "SVK"]
[SourceTitle "EXT 2018"]
[Source "ChessBase"]
[SourceDate "2017.10.13"]
[SourceVersion "1"]
[SourceVersionDate "2017.10.13"]
[SourceQuality "1"]
[WhiteTeam "Topolcany"]
[BlackTeam "Surany Lokomotiva"]
[WhiteTeamCountry "SVK"]
[BlackTeamCountry "SVK"]

1. Nf3 d5 2. g3 Nf6 3. c4 e6 4. Bg2 dxc4 5. Qa4+ Bd7 6. Qxc4 Bc6 7. Nc3 Be7 8. 0-0 0-0 9. b4 a6 10. a3 b5 11. Qb3 Qc8 12. d3 Nbd7 13. Bb2 Bb7 14. d4 Ra7 15. Nd2 Bxg2 16. Kxg2 Qb7+ 17. e4 e5 18. d5 c5 19. dxc6 Qxc6 20. Rac1 Qa8 21. f3 Nb6 22. Rc2 Rd8 23. Nd1 Rad7 24. Rf2 Nc4 25. Bc1 Qa7 26. Re2 Rd3 27. Qa2 a5 28. Nxc4 bxc4 29. Nf2 axb4 30. Qxc4 R3d4 31. Qc7 Qxc7 32. Rxc7 Bd6 33. Ra7 bxa3 34. Bxa3 Bxa3 35. Rxa3 Ne8 36. g4 Nc7 37. Kg3 Ne6 38. h4 f6 39. Rb2 R8d7 40. Ra5 Kf7 41. g5 Kg6 42. Ra6 R4d6 43. Rbb6 Rxb6 44. Rxb6 Re7 45. Nd3 Kh5 46. gxf6 gxf6 47. Kh3 h6 48. Rd6 Re8 49. Rd5 Kg6 50. Kg4 Ng7 51. Rd6 h5+ 52. Kg3 Kf7 53. f4 Rg8 54. Kf3 Ke7 55. fxe5 fxe5 56. Rh6 Rf8+ 57. Ke3 Rf6 58. Rh7 Kf7 59. Rh8 Re6 60. Ne1 Kg6 61. Nf3 Re7 62. Ra8 Re6 63. Kd3 Kf6 64. Kc4 Rd6 65. Kc5 Rd7 66. Ra6+ Ne6+ 67. Kc4 Ke7 68. Ra5 Rc7+ 69. Kd5 Rc3 70. Nxe5 Nf4+ 71. Kd4 Ne2+ 72. Kd5 Nf4+ 73. Kd4 Ne2+ 1/2-1/2

[Event "SVK-chT2B 1617"]
[Site "Slovakia"]
[Date "2016.10.09"]
[Round "2.5"]
[White "Nikel, Rastislav"]
[Black "Laho, Maros"]
[Result "0-1"]
[WhiteElo "2032"]
[BlackElo "2001"]
[PlyCount "84"]
[EventDate "2016.10.08"]
[EventType "team-tourn"]
[EventRounds "11"]
[EventCountry "SVK"]
[SourceTitle "CBM 175 Extra"]
[Source "ChessBase"]
[SourceDate "2016.12.12"]
[SourceVersion "1"]
[SourceVersionDate "2016.12.12"]
[SourceQuality "1"]
[WhiteTeam "Levice"]
[BlackTeam "Surany Lokomotiva"]
[WhiteTeamCountry "SVK"]
[BlackTeamCountry "SVK"]

1. d4 Nf6 2. c4 e6 3. Nc3 Bb4 4. e3 b6 5. Bd3 Bb7 6. Nf3 Ne4 7. Qc2 Bxc3+ 8. bxc3 f5 9. d5 Qf6 10. Bb2 Nc5 11. 0-0-0 Nxd3+ 12. Qxd3 e5 13. e4 fxe4 14. Qxe4 d6 15. c5 bxc5 16. c4 0-0 17. Nd2 Qf5 18. Qe3 Nd7 19. f3 Nb6 20. g3 Ba6 21. f4 Bxc4 22. fxe5 Nxd5 23. Qe4 Bxa2 24. Rhf1 Qxe4 25. Nxe4 Ne3 26. Rxf8+ Rxf8 27. Rd3 Rf1+ 28. Kd2 Nc4+ 29. Kc3 Nxe5 30. Re3 Rf3 31. Bc1 Rxe3+ 32. Bxe3 h6 33. Bf4 Nd7 34. Kb2 Bd5 35. Nc3 Bc6 36. Kb3 Nb6 37. Kc2 a5 38. Kd3 Kf7 39. h4 Kf6 40. g4 g5 41. Bg3 a4 42. Ke3 Nc4+ 0-1

[Event "SVK-chT2B 1516"]
[Site "Slovakia"]
[Date "2016.03.12"]
[Round "10.4"]
[White "Laho, Maros"]
[Black "Gazik, Renata"]
[Result "1/2-1/2"]
[WhiteElo "1983"]
[BlackElo "2010"]
[PlyCount "61"]
[EventDate "2015.10.17"]
[EventType "team-tourn"]
[EventRounds "11"]
[EventCountry "SVK"]
[SourceTitle "EXT 2019"]
[Source "ChessBase"]
[SourceDate "2018.10.10"]
[SourceVersion "1"]
[SourceVersionDate "2018.10.10"]
[SourceQuality "1"]
[WhiteTeam "Surany Lokomotiva"]
[BlackTeam "Bojnice SK PRM"]
[WhiteTeamCountry "SVK"]
[BlackTeamCountry "SVK"]

1. d4 Nf6 2. Nf3 e6 3. e3 c5 4. Bd3 Nc6 5. 0-0 b6 6. b3 Be7 7. Bb2 0-0 8. a3 Bb7 9. Nbd2 Qc7 10. Rc1 Rac8 11. Qe2 d6 12. Rfd1 Rfd8 13. c4 Qb8 14. e4 cxd4 15. Nxd4 Nd7 16. Bb1 Bf6 17. Nxc6 Bxc6 18. Bxf6 Nxf6 19. Bd3 Nd7 20. b4 Ba4 21. Bc2 Bc6 22. Bb3 Ne5 23. Rc3 b5 24. Rdc1 bxc4 25. Nxc4 Bb5 26. Qa2 Nc6 27. Ne3 Nd4 28. Bc4 Bc6 29. f3 Qb6 30. Qf2 Bb7 31. Bf1 1/2-1/2

[Event "SVK-chT2B 1516"]
[Site "Slovakia"]
[Date "2015.12.06"]
[Round "6.2"]
[White "Laho, Maros"]
[Black "Regec, Stanislav"]
[Result "1/2-1/2"]
[WhiteElo "1973"]
[BlackElo "2078"]
[PlyCount "65"]
[EventDate "2015.10.17"]
[EventType "team-tourn"]
[EventRounds "11"]
[EventCountry "SVK"]
[SourceTitle "EXT 2019"]
[Source "ChessBase"]
[SourceDate "2018.10.10"]
[SourceVersion "1"]
[SourceVersionDate "2018.10.10"]
[SourceQuality "1"]
[WhiteTeam "Surany Lokomotiva"]
[BlackTeam "Batorove Kosihy"]
[WhiteTeamCountry "SVK"]
[BlackTeamCountry "SVK"]

1. d4 d5 2. Nf3 Nf6 3. c4 e6 4. Bg5 Be7 5. e3 0-0 6. Nc3 c6 7. Qc2 Nbd7 8. cxd5 exd5 9. Bd3 Re8 10. 0-0 Nf8 11. Rab1 Ng6 12. b4 a6 13. Rfc1 Ne4 14. Bxe7 Qxe7 15. Na4 Bg4 16. Ne1 Nd6 17. Nc5 Rad8 18. a4 Bd7 19. Nxd7 Rxd7 20. b5 axb5 21. axb5 Rc8 22. bxc6 Rxc6 23. Qa2 Rdc7 24. Rxc6 bxc6 25. Rb8+ Nf8 26. Qa8 g6 27. Rb6 Qd7 28. Nc2 Kg7 29. Nb4 Nc4 30. Ra6 Rc8 31. Qa7 Rc7 32. Qa8 Rc8 33. Qa7 1/2-1/2

[Event "SVK-chT2B 1415"]
[Site "Slovakia"]
[Date "2014.11.09"]
[Round "4.6"]
[White "Laho, Maros"]
[Black "Lecky, Juraj"]
[Result "1/2-1/2"]
[WhiteElo "1980"]
[BlackElo "1941"]
[PlyCount "28"]
[EventDate "2014.10.11"]
[EventType "team-tourn"]
[EventRounds "11"]
[EventCountry "SVK"]
[SourceTitle "EXT 2019"]
[Source "ChessBase"]
[SourceDate "2018.10.10"]
[SourceVersion "1"]
[SourceVersionDate "2018.10.10"]
[SourceQuality "1"]
[WhiteTeam "Surany Lokomotiva"]
[BlackTeam "Levice"]
[WhiteTeamCountry "SVK"]
[BlackTeamCountry "SVK"]

1. d4 Nf6 2. Nf3 c5 3. e3 g6 4. Bd3 Bg7 5. 0-0 0-0 6. b3 d6 7. Bb2 a6 8. Qe2 Nc6 9. a3 Nh5 10. c3 cxd4 11. cxd4 e5 12. dxe5 dxe5 13. Rd1 Qe7 14. Nc3 Be6 1/2-1/2

[Event "SVK-chT2B 1314"]
[Site "Slovakia"]
[Date "2013.11.24"]
[Round "4.3"]
[White "Riabov, Alexander"]
[Black "Laho, Maros"]
[Result "1-0"]
[WhiteElo "2043"]
[BlackElo "2009"]
[PlyCount "147"]
[EventDate "2013.10.19"]
[EventType "team-tourn"]
[EventRounds "11"]
[EventCountry "SVK"]
[SourceTitle "EXT 2015"]
[Source "ChessBase"]
[SourceDate "2014.11.20"]
[SourceVersion "1"]
[SourceVersionDate "2014.11.20"]
[SourceQuality "1"]
[WhiteTeam "Topolcany"]
[BlackTeam "Surany"]
[WhiteTeamCountry "SVK"]
[BlackTeamCountry "SVK"]

1. e4 e6 2. d3 d5 3. Nd2 c5 4. Ngf3 Nc6 5. g3 g6 6. Bg2 Bg7 7. 0-0 Nf6 8. Re1 0-0 9. Qe2 Qc7 10. Nf1 dxe4 11. dxe4 e5 12. Qc4 b6 13. Ne3 Na5 14. Nd5 Nxd5 15. Qxd5 Ba6 16. Qd2 Qe7 17. Qg5 f6 18. Qh4 Rad8 19. Bh6 Rd6 20. g4 Bxh6 21. Qxh6 Qg7 22. Qh4 h6 23. Qg3 Rfd8 24. h4 Nc4 25. Bf1 b5 26. Bxc4+ bxc4 27. g5 hxg5 28. hxg5 Bb7 29. gxf6 Qxf6 30. Nxe5 Rd2 31. Rac1 Rf8 32. Ng4 Qd4 33. Qe3 Kg7 34. Qh6+ Kg8 35. Qxg6+ Kh8 36. Re3 Rd1+ 37. Rxd1 Qxd1+ 38. Kh2 Rf3 39. Rxf3 Qxf3 40. Qf6+ Qxf6 41. Nxf6 Kg7 42. Ne8+ Kg6 43. Nd6 Bc6 44. Kg3 Kf6 45. Kf4 c3 46. b3 Ke6 47. Nc4 Be8 48. Ne3 Bh5 49. f3 Bf7 50. Nd5 a5 51. Nxc3 c4 52. Ke3 Kd6 53. Kd4 Kc6 54. bxc4 a4 55. Nxa4 Bh5 56. f4 Bd1 57. Kd3 Bg4 58. f5 Bh3 59. Kd4 Kd7 60. Kd5 Bg4 61. c5 Bh5 62. c6+ Kc7 63. Nc5 Be8 64. Ne6+ Kc8 65. Kd6 Bf7 66. a4 Be8 67. f6 Bg6 68. Ng5 Bf7 69. Nxf7 Kb8 70. Kd7 Ka7 71. c7 Ka8 72. c8Q+ Ka7 73. Qc5+ Ka8 74. Qb5 1-0

[Event "SVK-ch op"]
[Site "Banska Stiavnica"]
[Date "2013.07.13"]
[Round "8"]
[White "Medvec, Miroslav1111"]
[Black "Laho, Maros"]
[Result "1-0"]
[WhiteElo "1905"]
[BlackElo "2029"]
[PlyCount "101"]
[EventDate "2013.07.06"]
[EventType "swiss"]
[EventRounds "9"]
[EventCountry "SVK"]
[SourceTitle "CBM 155 Extra"]
[Source "ChessBase"]
[SourceDate "2013.08.26"]
[SourceVersion "1"]
[SourceVersionDate "2013.08.26"]
[SourceQuality "1"]

1. e4 e6 2. d4 d5 3. e5 c5 4. c3 Qb6 5. Nf3 Bd7 6. Bd3 Nc6 7. dxc5 Bxc5 8. 0-0 a5 9. Nbd2 Qa7 10. c4 Nge7 11. cxd5 Nxd5 12. Ne4 Ncb4 13. Bc4 b5 14. Be2 Qb6 15. a3 Na6 16. Qd3 h6 17. Bd2 Ke7 18. Rac1 Rac8 19. Nh4 Rhd8 20. Qg3 Rg8 21. Bh5 g5 22. Nf3 b4 23. Nfxg5 hxg5 24. Bxg5+ Ke8 25. Rxc5 Rxg5 26. Rxc8+ Bxc8 27. Qxg5 Kd7 28. Qg8 Qd8 29. Qxf7+ Qe7 30. Nf6+ Kc6 31. Nxd5 Qxf7 32. Nxb4+ Nxb4 33. Bxf7 Nd3 34. f4 Kd5 35. Rd1 Kc4 36. g3 a4 37. Bg6 Nc5 38. Bc2 Bb7 39. h4 Bf3 40. Rc1 Kd4 41. Kf2 Bg4 42. Bg6 Nb3 43. Rc8 Nc5 44. h5 Nd3+ 45. Bxd3 Kxd3 46. h6 Bf5 47. g4 Bg6 48. Rc7 Kd4 49. h7 Bb1 50. h8Q Bh7 51. Qd8+ 1-0

[Event "SVK-chT2B 1213"]
[Site "Slovakia"]
[Date "2012.12.01"]
[Round "3"]
[White "Laho, Maros"]
[Black "Reisel, Frantisek"]
[Result "1-0"]
[WhiteElo "2008"]
[BlackElo "2005"]
[PlyCount "81"]
[EventDate "2012.10.13"]
[EventType "team-tourn"]
[EventRounds "11"]
[EventCountry "SVK"]
[SourceTitle "EXT 2015"]
[Source "ChessBase"]
[SourceDate "2014.11.20"]
[SourceVersion "1"]
[SourceVersionDate "2014.11.20"]
[SourceQuality "1"]
[WhiteTeam "Surany"]
[BlackTeam "Prievidza II"]
[WhiteTeamCountry "SVK"]
[BlackTeamCountry "SVK"]

1. d4 d5 2. Nf3 Nf6 3. c4 c6 4. Nc3 e6 5. g3 Be7 6. Bg2 0-0 7. 0-0 dxc4 8. Ne5 Nd5 9. Nxc4 Nxc3 10. bxc3 Nd7 11. Rb1 Nb6 12. Ne5 Bd6 13. Qb3 Qc7 14. Nd3 e5 15. c4 Be6 16. d5 cxd5 17. cxd5 Bd7 18. Be3 Bc8 19. Rbc1 Qe7 20. Nc5 Nd7 21. Ne4 Bb8 22. Rfd1 h6 23. Bh3 b6 24. d6 Qd8 25. Qd5 Ba6 26. Qxa8 Bxe2 27. Rd2 Bf3 28. Bg2 Bxg2 29. Kxg2 f5 30. Qd5+ Kh8 31. Nc3 f4 32. gxf4 exf4 33. Bd4 f3+ 34. Kh1 Qh4 35. Rg1 Nf6 36. Bxf6 Rxf6 37. Ne4 Rf8 38. Qe5 Rg8 39. Ng3 Qb4 40. Qd4 Qa5 41. Qd5 1-0